000 01130nam a2200301 a 4500
003 BLK
005 20250725135429.0
008 180409b bul|||||r ||||||| ||bul||
020 _a9789546553348
040 _aBLK
041 _aBUL
_cBUL
080 _aАмериканска литература (на САЩ)
_b821.111(73)
_x-31
_z821.111(73)-31
100 1 _aСтийл, Даниел
_9363685
245 1 0 _aЧестит рожден ден
_bРоман
_cДаниел Стийл ; прев. Диана Кутева, Стамен Стойчев.
257 _aUSA
260 _aСофия
_bБард
_c2012
_fХасково : Полиграфюг
300 _a320 с.
_c20 см
380 _aX
500 _aОриг. загл. Happy Birthday / Danielle Steel.
700 1 _aКутева, Диана Янакиева
_d1955 -
_985939
700 _aСтойчев, Стамен Димов
_eпрев.
_9364706
852 _bО
856 4 _qpdf
856 4 _qpdf
942 _cKNG
_n0
_0111
944 _c2023
_lМинев Младен
_k30530
999 _c129469
_d129469